| 000 | 01139cam a2200373 a 4500 | ||
|---|---|---|---|
| 999 |
_c1699 _d1699 |
||
| 001 | 3126812 | ||
| 003 | CaAEU | ||
| 005 | 20210629110542.0 | ||
| 008 | 040402s2005 onc b 001 0 eng | ||
| 016 | _a20049022091 | ||
| 020 | _a0131229362 : | ||
| 035 | _aocn995619705 | ||
| 040 |
_aNLC _beng _cNLC _dOCLCQ _dAEU |
||
| 043 | _an-cn--- | ||
| 049 | _aUABA | ||
| 050 | 4 |
_aLC3984 _b.W795 2005 |
|
| 082 | 0 |
_a371.9/0971 _222 |
|
| 090 |
_aLC 3984 .W795 2005 _bAEG |
||
| 090 |
_aLC 3984 W795 2005 _bARDC |
||
| 090 |
_aLC 3984 W795 2005 _bAEU |
||
| 100 | 1 |
_aWinzer, M. A. _q(Margret A.), _d1940- |
|
| 245 | 1 | 0 |
_aChildren with exceptionalities in Canadian classrooms / _cMargret Winzer. |
| 250 | _a7th ed. | ||
| 260 |
_aToronto : _bPrentice Hall Canada, _cc2005. |
||
| 300 |
_axviii, 652 p. ; _c25 cm. |
||
| 336 |
_atext _btxt _2rdacontent |
||
| 337 |
_aunmediated _bn _2rdamedia |
||
| 338 |
_avolume _bnc _2rdacarrier |
||
| 504 | _aIncludes bibliographical references (p. 583-622) and index. | ||
| 650 | 0 |
_aSpecial education _zCanada. |
|
| 650 | 1 | 2 |
_aEducation, Special _zCanada. |
| 942 |
_2lcc _cBK _nMM |
||
| 949 |
_hUAED-B _i0162020240337 |
||